Catálogo
 En Linea

La prensa de Panamá : (Registro nro. 15310)

Detalles MARC
000 -CABECERA
campo de control de longitud fija 00803cam a2200229 a 4500
001 - NÚMERO DE CONTROL
campo de control 000015762
005 - FECHA Y HORA DE LA ÚLTIMA TRANSACCIÓN
campo de control 20200929164138.0
008 - DATOS DE LONGITUD FIJA--INFORMACIÓN GENERAL
campo de control de longitud fija 961224s1995 pn a 001 0 spa
040 ## - FUENTE DE LA CATALOGACIÓN
Centro catalogador/agencia de origen DO-SdBNP
Centro/agencia transcriptor DLC
043 ## - CÓDIGO DE ÁREA GEOGRÁFICA
Código de área geográfica ncpn---
082 ## - NÚMERO DE LA CLASIFICACIÓN DECIMAL DEWEY
Número de clasificación 070.47287
Número de documento/Ítem E36p
049 ## - FONDOS LOCALES (OCLC)
Fondos de biblioteca BNGR
100 1# - ENTRADA PRINCIPAL--NOMBRE DE PERSONA
Nombre de persona Eisenmann, I. Roberto,
Fechas asociadas al nombre 1937-
9 (RLIN) 35467
245 13 - MENCIÓN DE TÍTULO
Título La prensa de Panamá :
Resto del título la creación de un diario sin dueno /
Mención de responsabilidad, etc. I. Roberto Eisenmann, Jr. ; edición Herasto Reyes.
260 ## - PUBLICACIÓN, DISTRIBUCIÓN, ETC.
Lugar de publicación, distribución, etc. Panamá :
Nombre del editor, distribuidor, etc. La Prensa,
Fecha de publicación, distribución, etc. 1995.
300 ## - DESCRIPCIÓN FÍSICA
Extensión 243 p. :
Otras características físicas il. ;
Dimensiones 23 cm.
630 00 - PUNTO DE ACCESO ADICIONAL DE MATERIA--TÍTULO UNIFORME
Título uniforme Prensa (Panama, Panama : 1980)
9 (RLIN) 35468
650 #4 - PUNTO DE ACCESO ADICIONAL DE MATERIA--TÉRMINO DE MATERIA
Término de materia o nombre geográfico como elemento de entrada Periodismo
Subdivisión general Aspectos políticos
Subdivisión geográfica Panamá.
9 (RLIN) 35469
651 #4 - PUNTO DE ACCESO ADICIONAL DE MATERIA--NOMBRE GEOGRÁFICO
Nombre geográfico Panamá
Subdivisión general Política Y Gobierno
Subdivisión cronológica 1981-
9 (RLIN) 35470
700 1# - PUNTO DE ACCESO ADICIONAL--NOMBRE DE PERSONA
Nombre de persona Reyes, Herasto.
Término indicativo de función/relación ed.
9 (RLIN) 35471
910 ## - DATOS DE OPCIÓN DEL USUARIO (OCLC)
Datos de opción del usuario Catalogación por copia / LC
Existencias
Estado de retiro Estado de pérdida Restricciones de uso No para préstamo Código de colección Localización permanente Ubicación/localización actual Ubicación en estantería Fecha de adquisición Número de inventario Total de préstamos Signatura topográfica completa Código de barras Fecha visto por última vez Precio válido a partir de Tipo de ítem Koha
    Préstamo interno   Monografías: Libros y Folletos General General En catalogación 17.02.2010 LF1   070.47287 E36p 15762-10 25.06.2020 25.06.2020 Préstamo interno

Con tecnología Koha